000 01612nam a2200241Ia 4500
008 260220t1961||||xx |||||||||||||| ||spa||
040 _aPY-SlUNAC
_bspa
_erda
041 _aspa
082 _a813
_bW72p
100 _aWilliams, Tennessee
_eAutor
245 0 _aPrimavera romana /
_cpor Tennessee Williams [Autor]
264 _aBuenos Aires :
_bMariel,
_c℗1961.
300 _a1 volumen
520 _a"Primavera romana" de Tennessee Williams es una obra teatral que explora la complejidad de las relaciones humanas a través de la interacción de sus personajes en un ambiente cargado de tensión emocional y deseo. La trama se centra en la historia de un joven llamado Allen, quien llega a Roma en busca de una vida más plena y significativa, solo para encontrarse atrapado en un torbellino de pasiones y conflictos internos. Williams presenta un elenco diverso que incluye a personajes como la enigmática y seductora mujer, que simboliza tanto la atracción como la destrucción. La obra se desarrolla en un contexto de decadencia y belleza, reflejando la lucha entre el idealismo y la realidad. A través de un lenguaje poético y una narrativa íntima, el autor invita al espectador a reflexionar sobre la búsqueda de la autenticidad y el amor en un mundo lleno de desilusión, resaltando la fragilidad de la felicidad y la inevitable tristeza de la existencia.
653 _aDrama
653 _aLiteratura
653 _aTeatro
942 _b2026/02/17
_cBK
999 _c8953
_d8953